English Words to Know: T - Statistics

General Stats
  • This quiz has been taken 87 times
  • The average score is 59 of 174
Answer Stats
Answer % Correct
to
95%
the
90%
ten
85%
then
80%
there
80%
thin
80%
too
80%
that
78%
their
78%
tea
75%
they
75%
try
75%
take
73%
tap
73%
them
73%
tie
73%
tear
70%
thus
70%
time
70%
tall
68%
this
68%
top
68%
two
68%
tip
65%
team
63%
than
63%
think
63%
though
63%
three
63%
trail
63%
tree
63%
trip
63%
talk
60%
train
60%
thought
58%
trick
58%
tell
55%
tent
55%
trade
55%
table
53%
tail
53%
tale
53%
these
53%
tool
53%
true
53%
through
50%
tomorrow
50%
track
50%
taste
48%
television
48%
twin
48%
tape
45%
those
45%
today
45%
total
45%
toy
45%
teach
43%
test
43%
thing
43%
treat
43%
trial
43%
thank
40%
tire
40%
tone
40%
turn
40%
truth
38%
temperature
35%
tend
35%
throw
35%
tank
33%
task
33%
tax
33%
teen
33%
tooth
33%
trace
33%
traffic
33%
truck
33%
trust
33%
type
33%
telephone
30%
toe
30%
toward
30%
troop
30%
teacher
28%
thanks
28%
theme
28%
thirty
28%
tower
28%
tragedy
28%
travel
28%
twenty
28%
teenager
25%
tight
25%
tiny
25%
tonight
25%
toss
25%
tough
25%
tour
25%
town
25%
tradition
25%
twice
25%
terror
23%
therefore
23%
thick
23%
thousand
23%
tired
23%
together
23%
tongue
23%
traditional
23%
training
23%
tube
23%
temporary
20%
terrible
20%
third
20%
title
20%
tomato
20%
touch
20%
trend
20%
trouble
20%
talent
18%
text
18%
throughout
18%
totally
18%
tribe
18%
typical
18%
technology
15%
term
15%
threat
15%
towards
15%
target
13%
technical
13%
tennis
13%
testing
13%
theater
13%
themselves
13%
topic
13%
transition
13%
transportation
13%
treaty
13%
truly
13%
typically
13%
teaching
10%
tension
10%
terrorist
10%
thinking
10%
ticket
10%
tourist
10%
treatment
10%
twelve
10%
tactic
8%
technique
8%
telescope
8%
tendency
8%
theory
8%
throat
8%
translate
8%
testimony
5%
therapy
5%
threaten
5%
tissue
5%
tournament
5%
transfer
5%
tremendous
5%
tunnel
5%
teaspoon
3%
territory
3%
terrorism
3%
testify
3%
transform
3%
transformation
3%
tablespoon
0%
taxpayer
0%
terms
0%
tobacco
0%
No matching quizzes found
Score Distribution
Percent of People with Each Score
Percentile by Number Answered
Your Score History
You have not taken this quiz